हिंदी पत्रकारिता : (Record no. 111801)

MARC details
000 -LEADER
fixed length control field 01211nam a22002657a 4500
005 - DATE AND TIME OF LATEST TRANSACTION
control field 20170124102929.0
010 ## - LIBRARY OF CONGRESS CONTROL NUMBER
LC control number B-242898
020 ## - INTERNATIONAL STANDARD BOOK NUMBER
Terms of availability 375.00
International Standard Book Number 8185999872
035 ## - SYSTEM CONTROL NUMBER
System control number B-242898
037 ## - SOURCE OF ACQUISITION
Source of stock number/acquisition Cen Lib/Ret
040 ## - CATALOGING SOURCE
Original cataloging agency DPL
Language of cataloging HN
082 ## - DEWEY DECIMAL CLASSIFICATION NUMBER
Classification number 074.4
Item number मिश्रदे
100 ## - MAIN ENTRY--PERSONAL NAME
Personal name मिश्र, देवप्रकाश
9 (RLIN) 108571
245 ## - TITLE STATEMENT
Title हिंदी पत्रकारिता :
Statement of responsibility, etc देवप्रकाश मिश्र
Remainder of title आधुनिक संदर्भ /
246 ## - VARYING FORM OF TITLE
Title proper/short title Hindi patrkarita : aadhunik sandarbh /
Remainder of title by Devprakash Mishra
260 ## - PUBLICATION, DISTRIBUTION, ETC. (IMPRINT)
Name of publisher, distributor, etc स्वराज प्रकाशन
Place of publication, distribution, etc नई दिल्ली
Date of publication, distribution, etc 2007
270 ## - ADDRESS
Address 4697/3, 21-A, अंसारी रोड, दरियागंज
City नई दिल्ली
Postal code 110002
300 ## - PHYSICAL DESCRIPTION
Extent iii,185पृ.
Dimensions 20सेमी (सजिल्द)
500 ## - GENERAL NOTE
General note संदर्भ शामिल
650 ## - SUBJECT ADDED ENTRY--TOPICAL TERM
Topical term or geographic name as entry element हिंदी पत्रकारिता
9 (RLIN) 1191
650 ## - SUBJECT ADDED ENTRY--TOPICAL TERM
Topical term or geographic name as entry element पत्रकारिता -- दिशाएं
9 (RLIN) 1670
650 ## - SUBJECT ADDED ENTRY--TOPICAL TERM
Topical term or geographic name as entry element Hindi journalism
9 (RLIN) 43511
650 ## - SUBJECT ADDED ENTRY--TOPICAL TERM
Topical term or geographic name as entry element Journalism -- directions
9 (RLIN) 44579
942 ## - ADDED ENTRY ELEMENTS (KOHA)
Source of classification or shelving scheme Dewey Decimal Classification
Koha item type Hindi Books
Classification part 074.4
Call number suffix मिश्रदे
Holdings
Withdrawn status Lost status Damaged status Not for loan Home library Current library Date acquired Source of acquisition Cost, normal purchase price Total Checkouts Full call number Barcode Date last seen Date checked out Copy number Cost, replacement price Price effective from Koha item type
        Central Library Central Library 05/08/2015 Cen Lib/Ret 375.00 1 074.4 मिश्रदे B-242898 19/04/2017 05/04/2017 1 375.00 05/08/2015 Hindi Books

© Delhi Public Library
Hit Counter
free hit counter